00309 a2200109 4500001000700000020000600007040001100013100002100024240007500045245007000120362000900190165177 a  cMagnum aRibeiro, Marlene10aUniversidade brasileira pos-moderna: democratizacao x competencialpor10aUniversidade brasileira pos-moderna: democratizacao x competencia0 a1899